Paesi con meno di 1 milione di abitanti con indizi - Statistics

Statistiche generali
  • Questo quiz è stato fatto 1.367 volte
  • Il punteggio medio è 13 su 38
Statistiche sulle risposte
Populazione Indizio Nazione % Corretto
804 La Basilica di San Pietro si trova qui Città del Vaticano
99%
39,677 Puoi andarci per giocare al casinò di Montecarlo Monaco
76%
99,196 Le sue isole principali significano in spagnolo "antica" e "barbuta" Antigua e Barbuda
66%
34,042 Ha la fama di essere la repubblica più antica del mondo, fondata nel 301 d.C San Marino
65%
10,930 Il 61% degli adulti è obeso, la % più alta al mondo. Nauru
55%
38,299 Uno dei due Paesi al mondo doppiamente senza sbocco sul mare Liechtenstein
48%
77,458 E' guidato da due co-principi, uno di questi è il Presidente della Francia Andorra
46%
399,114 Il Paese più vicino alla Florida Bahamas
44%
641,879 Sede della Corte di Giustizia dell'Unione Europea Lussemburgo
41%
628,190 Ha ottenuto l'indipendenza dalla Serbia nel 2006 Montenegro
39%
99,298 Il più ricco Stato africano Seychelles
39%
115,023 Composte da 607 isole con un'estensione totale di solamente 702 chilometri quadrati Stati Federati di Micronesia
39%
53,787 Il più piccolo Stato dei Caraibi St. Kitts and Nevis
39%
225,512 Composta da due isole situate nel Golfo di Guinea São Tomé e Príncipe
37%
594,843 Il più piccolo Stato indipendente del Sud America Suriname
37%
792,482 L'unico Paese del Sud America dove l'inglese è la lingua ufficiale Guyana
35%
59,814 E' lo Stato di cui fa parte l'atollo di Bikini Isole Marshall
34%
12,019 Un tempo erano conosciute come Isole Ellice Tuvalu
34%
444,023 Uno dei due Stati al mondo guidato da un Sultano Brunei
31%
113,338 Conosciuta come "l'isola delle spezie dei Caraibi" Grenada
30%
18,229 Vi si trova il Jellyfish Lake, dove ogni giorno transitano milioni di meduse Palau
29%
200,474 Conosciuta come la "Culla della Polinesia" Samoa
28%
107,566 James Cook le soprannominò "Isole dell'amicizia" Tonga
28%
344,703 Conosciuta come la "Terra del fuoco e del ghiaccio" Islanda
27%
122,311 La sua isola più grande è chiamata Christmas Island Kiribati
27%
906,594 Ha vinto la sua prima medaglia d'oro alle Olimpiadi nel Rugby a 7 a Rio 2016 Figi
25%
111,491 La sua capitale è Kingstown St. Vincent e Grenadines
24%
318,345 In questo arcipelago melanesiano si parlano 117 lingue diverse Vanuatu
24%
784,879 Vi si trova la montagna più alta del mondo non ancora scalata Bhutan
23%
184,938 Ha il più alto tasso di vincitori di premi Nobel in rapporto alla popolazione nazionale St. Lucia
23%
565,420 Fu un territorio disabitato fino all'arrivo dei portoghesi nel 1400 Capo Verde
22%
287,925 Dal 2021 è diventata una repubblica parlamentare Barbados
21%
555,407 Ha un'elevazione media di solamente 1,5 metri la più bassa di qualsiasi altro Paese al mondo Maldive
21%
443,381 I nazisti tentarono, ma fallirono, di prendere queste isole dagli inglesi durante la seconda guerra mondiale Malta
21%
713,166 Tra il 1942-1943 vi si svolse la Battaglia di Guadalcanal Isole Salomone
20%
72,265 Sede della seconda sorgente termale più grande del mondo, chiamata Boiling Lake Dominica
19%
898,512 Molti dei suoi cittadini fuggono nella vicina isola francese di Mayotte Comore
17%
408,897 Il "Blue Hole", al largo della costa di questo Paese, è una famosa località di immersione Belize
16%
Nessun quiz corrispondente trovato
Distribuzione punteggi
Percentuale di utenti per punteggio
Percentile per numero di risposta
I tuoi punteggi nel tempo
Non hai fatto questo quiz